Statistiken für Bezirke Österreichs auf einer Karte

Klicken Sie hier um das Quiz zu spielen!

Allgemein

  • Dieses Quiz wurde 10.836 mal gespielt
    (10.112 seit der letzten Aktualisierung)
  • Das Durchschnittsergebnis liegt bei 46 aus 95

Antworten auf der Karte

Die Antworten werden auf der Karte rot bzw. grün angezeigt, abhängig davon wie oft sie richtig erraten wurden.
 

Antwortstatistiken

BundeslandBezirk% Korrekt
WienWien
98%
SalzburgSalzburg
92%
SalzburgSalzburg-Umgebung
92%
TirolInnsbruck
87%
TirolInnsbruck-Land
87%
SteiermarkGraz
85%
SteiermarkGraz-Umgebung
85%
OberösterreichLinz
84%
OberösterreichLinz-Land
84%
KärntenKlagenfurt am Wörthersee
77%
KärntenKlagenfurt-Land
77%
VorarlbergBregenz
74%
NiederösterreichSt. Pölten
72%
NiederösterreichSt. Pölten
71%
BurgenlandEisenstadt
67%
KärntenVillach
67%
BurgenlandEisenstadt Umgebung
67%
KärntenVillach-Land
67%
TirolLienz
62%
NiederösterreichWiener Neustadt
60%
NiederösterreichWiener Neustadt
60%
OberösterreichWels
59%
OberösterreichWels-Land
59%
VorarlbergDornbirn
57%
VorarlbergFeldkirch
54%
OberösterreichSteyr
52%
OberösterreichSteyr-Land
52%
TirolKitzbühel
51%
NiederösterreichBruck an der Leitha
50%
TirolKufstein
50%
SalzburgSankt Johann im Pongau
50%
NiederösterreichAmstetten
49%
OberösterreichBraunau am Inn
49%
SalzburgZell am See
49%
VorarlbergBludenz
48%
NiederösterreichKrems an der Donau
47%
SteiermarkBruck-Mürzzuschlag
47%
NiederösterreichKrems
47%
NiederösterreichGmünd
46%
NiederösterreichBaden
45%
SteiermarkLeoben
45%
BurgenlandNeusiedl am See
45%
SalzburgHallein
44%
KärntenWolfsberg
44%
TirolImst
43%
SteiermarkLiezen
43%
NiederösterreichMödling
42%
NiederösterreichTulln
42%
SteiermarkHartberg-Fürstenfeld
41%
OberösterreichRied im Innkreis
41%
TirolSchwaz
41%
KärntenSpittal an der Drau
41%
SteiermarkMurtal
40%
OberösterreichGmunden
39%
NiederösterreichMelk
39%
TirolReutte
39%
NiederösterreichKorneuburg
38%
TirolLandeck
38%
BurgenlandMattersburg
38%
SalzburgTamsweg
38%
OberösterreichVöcklabruck
38%
NiederösterreichWaidhofen an der Ybbs
37%
SteiermarkDeutschlandsberg
37%
KärntenHermagor
37%
SteiermarkSüdoststeiermark
37%
NiederösterreichWaidhofen an der Thaya
37%
NiederösterreichZwettl
37%
SteiermarkLeibnitz
36%
SteiermarkMurau
36%
BurgenlandOberwart
36%
NiederösterreichHorn
35%
OberösterreichUrfahr-Umgebung
35%
KärntenFeldkirchen
34%
OberösterreichFreistadt
34%
NiederösterreichGänserndorf
34%
NiederösterreichMistelbach
34%
BurgenlandRust
34%
KärntenSankt Veit an der Glan
34%
OberösterreichSchärding
34%
NiederösterreichHollabrunn
33%
BurgenlandOberpullendorf
33%
KärntenVölkermarkt
33%
SteiermarkWeiz
33%
BurgenlandGüssing
32%
NiederösterreichNeunkirchen
32%
OberösterreichPerg
32%
BurgenlandJennersdorf
31%
OberösterreichEferding
30%
NiederösterreichLilienfeld
30%
OberösterreichRohrbach
30%
OberösterreichKirchdorf
29%
NiederösterreichScheibbs
29%
SteiermarkVoitsberg
29%
OberösterreichGrieskirchen
27%
SteiermarkGröbming
26%

Verteilung der Resultate

Perzentil nach korrekt beantworteten Fragen

Anzahl Personen mit jedem Resultat

Ihre Resultats-Entwicklung

Sie haben dieses Quiz seit der letzten Aktualisierung nicht gespielt